Antropología filosófica : Autointerpretación del hombre en la historia y en el presente / Michael Landmann; Carlos Moreno Cañadas, Traductor (Registro nro. 32090)
[ vista simple ]
| 000 -LÍDER | |
|---|---|
| Campo fijo de descripción fija | 008950000a22001930004500 |
| 041 0# - CÓDIGO DE IDIOMA | |
| Código de idioma para texto/pista de sonido o título separado | |
| 082 04 - NÚMERO DE CLASIFICACIÓN DECIMAL DEWEY | |
| Número de clasificación | G 100 L2578a |
| 001 - NÚMERO DE CONTROL | |
| Campo de control | 578 |
| 100 1# - ASIENTO PRINCIPAL--NOMBRE PERSONAL | |
| Nombre personal | Landmann, Michael (1913-) |
| 245 10 - TÍTULO | |
| Título del Material | Antropología filosófica : Autointerpretación del hombre en la historia y en el presente / Michael Landmann; Carlos Moreno Cañadas, Traductor |
| 260 ## - PUBLICACIÓN, DISTRIBUCIÓN, ETC. (PIE DE IMPRENTA) | |
| Lugar de publicación, distribución, etc. | México, D.F. : Unión Tipográfica Hispano Americana |
| 300 ## - DESCRIPCIÓN FÍSICA | |
| Extensión | 295 Pag. |
| 336 ## - CONTENT TYPE | |
| Content type term | texto |
| Content type code | txt |
| Source | rdacontent |
| 337 ## - MEDIA TYPE | |
| Source | rdamedia |
| Media type term | sin mediación |
| Media type code | n |
| 338 ## - CARRIER TYPE | |
| Source | rdacarrier |
| Carrier type term | volumen |
| Carrier type code | nc |
| 505 00 - NOTA DE CONTENIDO | |
| Nota de contenido con formato preestablecido | el sentido de la antropología filosófica -- antropología pre filosófica -- datos selectos para la historia de la antropología -- el hombre y Dios -- el hombre como ser espiritual -- hombre y animal (antropología biológica) |
| 650 14 - ASIENTO SECUNDARIO DE MATERIA - TERMINO TEMÁTICO | |
| Término temático o nombre geográfico como elemento de entrada | ANTROPOLOGIA - FILOSOFICA - RELIGIOSA - RACIONAL - BIOLOGICA - CULTURAL |
| 942 ## - TIPO DE MATERIAL (KOHA) | |
| Tipo de Item KOHA | Libros General |
| Estado de Material | Estado de Perdido | Estado de Dañado | No para Préstamo | Colección | Tomo | Biblioteca de Origen | Biblioteca Permanente | Fecha de Adquisición | Total de Préstamos | Total de Renovaciones | Signatura Topográfica | Código de Barras | Última vez visto | Última vez Préstado | Ejemplar/Existencia | Fecha de Remplazo | Tipo de Material |
|---|---|---|---|---|---|---|---|---|---|---|---|---|---|---|---|---|---|
| Colección General | Biblioteca FUSBC | Biblioteca FUSBC | 17/09/2004 | 3 | 1 | G 100 L2578a | 35 | 21/05/2021 | 18/05/2021 | 1 | 26/01/2016 | Libros General |
